| 000 | 01347naa a22003017a 4500 | ||
|---|---|---|---|
| 001 | BR6600123 | ||
| 003 | BR-BrBNA | ||
| 005 | 20240918173305.0 | ||
| 007 | ta | ||
| 008 | 230509b bl.||||| |||| 00| 0 por d | ||
| 040 |
_aBR-BrBNA _bpor _cBiblioteca Nacional de Agricultura |
||
| 041 | _a(Pt) | ||
| 072 |
_aF60 _b0120 _bG514 |
||
| 090 | _aF60 BR6600123 | ||
| 100 | 1 | _aFerraz, E.C. | |
| 245 | 1 | _aFisiologia [Fotossintese; Fotoperiodismo; Crescimento; Milho; Zea mays; Brasil] | |
| 260 | 3 |
_aSao Paulo, SP (Brasil): _c1966. |
|
| 500 | _aCultura e adubacao do milho Sao Paulo, SP (Brasil): 1966. p. 369-379 (BR6600123-AM)F60 | ||
| 650 | _aFisiologia vegetal | ||
| 650 | _aMilho | ||
| 650 | _aFotossintese | ||
| 650 | _aFotoperiodismo | ||
| 650 | _aGerminacao | ||
| 650 | _aPolinizacao | ||
| 773 | 0 |
_tCultura e adubacao do milho _aKrug, C.A.; Conagin, A.; Junqueira, A.A.B.; Brieger, F.B.; Blumenschein, A.; Paterniani, E.; Miranda, L.T. de; Soho, J. de A.; Camargo, A.P. de; Keeper, A.; Viegas, G.P.; Gallo, D.; Pinheiro, E. de D.; Ferraz, E.C.; Malavolta, E.; Gargantini, H.; Gomes, F.P.; Campos, H. de; Novaes, R.F.; Teixeira, C.G.; Camargo, R. de; Mendes, T.T. - Instituto Brasileiro de Potassa, Sao Paulo, SP _w0120 BR6600111 _gSao Paulo, SP (Brasil), 1966. _q541 p. |
|
| 909 |
_a202404 _bLucia _c55 _dLucia Elande |
||
| 942 |
_cAM _2AGRIS |
||
| 999 |
_c303786 _d303786 |
||